Deformation of Concrete Structures (Record no. 13576)

MARC details
000 -LEADER
fixed length control field 00558nam a22002177a 4500
003 - CONTROL NUMBER IDENTIFIER
control field PK-NaQUE
005 - DATE AND TIME OF LATEST TRANSACTION
control field 20260428102204.0
008 - FIXED-LENGTH DATA ELEMENTS--GENERAL INFORMATION
fixed length control field 260428b ||||| |||| 00| 0 eng d
020 ## - INTERNATIONAL STANDARD BOOK NUMBER
International Standard Book Number 007007240X
020 ## - INTERNATIONAL STANDARD BOOK NUMBER
International Standard Book Number 978-0070072404
040 ## - CATALOGING SOURCE
Transcribing agency QUEST
082 ## - DEWEY DECIMAL CLASSIFICATION NUMBER
Classification number 524.18BRA
100 ## - MAIN ENTRY--PERSONAL NAME
Personal name Branson, Dan E.
245 ## - TITLE STATEMENT
Title Deformation of Concrete Structures
260 ## - PUBLICATION, DISTRIBUTION, ETC. (IMPRINT)
Place of publication, distribution, etc london
Name of publisher, distributor, etc McGraw-Hill
Date of publication, distribution, etc 1977
300 ## - PHYSICAL DESCRIPTION
Extent 379
650 ## - SUBJECT ADDED ENTRY--TOPICAL TERM
Topical term or geographic name as entry element Reinforced concrete construction
650 ## - SUBJECT ADDED ENTRY--TOPICAL TERM
Topical term or geographic name as entry element Deformations (Mechanics)
856 ## - ELECTRONIC LOCATION AND ACCESS
Link text Download eBook
942 ## - ADDED ENTRY ELEMENTS (KOHA)
Koha item type Books
Source of classification or shelving scheme Dewey Decimal Classification
Holdings
Withdrawn status Lost status Damaged status Not for loan Home library Current library Date acquired Cost, normal purchase price Total Checkouts Full call number Barcode Date last seen Price effective from Koha item type
        Central Library, QUEST, Nawabshah Central Library, QUEST, Nawabshah 03/08/2015 1183.00   524.18BRA 10203 03/08/2015 03/08/2015 Books